000 00493nam a2200169Ia 4500
999 _c6988
_d6988
003 GBCCL
005 20241126110616.0
008 180705b ||||| |||| 00| 0 eng d
040 _cGBC
082 _a610
_bREA
245 _aThe Reader's Digest medical question & answer book.
260 _b"THE READER'S DIGEST ASSOCIATION, INC."
260 _c1983.
_aSydney:
_bReader's Digest Services
300 _a639p.
_c23cm
610 _bMedicine, Popular works
_tMiscellanea
_912434
942 _2ddc
_cREF